বিষয়বস্তু এড়িয়ে যান

Русская историческая журналистика: тексты специального курса лекций учебное пособие

Специальный курс лекций имеет междисциплинарный характер: в нем рассматриваются проблемы, связанные с историей журналистики, источниковедения, историографии и культурологии. Русская историческая журналистика показана как одна из отраслей публицистики. Раскрыты основные этапы в истории становления от...

সম্পূর্ণ বিবরণ

সংরক্ষণ করুন:
গ্রন্থ-পঞ্জীর বিবরন
প্রধান লেখক: Георгиева Н. Г. (070)
বিন্যাস: Книга
বিষয়গুলি:
অনলাইন ব্যবহার করুন:https://biblioclub.ru/index.php?page=book&id=278240
https://doi.org/10.23681/278240
ট্যাগগুলো: ট্যাগ যুক্ত করুন
কোনো ট্যাগ নেই, প্রথমজন হিসাবে ট্যাগ করুন!
LEADER 02969nam a2200301 4500
001 BIBLIOCLUB\0000278240
005 20250903113720.0
010 |a 978-5-4475-4446-1 
100 |a 20250623j2015 e u0rusy0189 ca 
101 0 |a rus 
102 |a RU 
105 |a y j|||000yy 
200 1 |a Русская историческая журналистика: тексты специального курса лекций  |e учебное пособие  |f Н. Г. Георгиева  |h 1  |i Российская историческая журналистика в XVIII – начале XX в. 
210 |a Москва, Берлин  |c Директ-Медиа  |d 2015 
215 |a 137 с. 
320 |a Библиогр. в кн 
330 |a Специальный курс лекций имеет междисциплинарный характер: в нем рассматриваются проблемы, связанные с историей журналистики, источниковедения, историографии и культурологии. Русская историческая журналистика показана как одна из отраслей публицистики. Раскрыты основные этапы в истории становления отечественной исторической журналистики, ее социальные и гносеологические функции, связь с общественной мыслью и историческими исследованиями, с материально-техническим обеспечением общества и его социально-политическим состоянием.Пособие ориентировано на учащихся исторических факультетов вузов и факультетов журналистики, а также на всех, интересующихся историей отечественной культуры. 
337 |a Режим доступа: электронная библиотечная система «Университетская библиотека ONLINE», требуется авторизация  |u https://biblioclub.ru/index.php?page=book&id=278240 
371 |a 23.03.2065 
610 1 |a Учебник 
675 |a 070(09)(075)  |z rus 
686 |a 76.00я7  |v LBC/PL  |2 rubbk 
700 1 |a Георгиева  |b Н. Г.  |4 070 
801 0 |a RU  |b Директ-Медиа  |c 20250903 
801 1 |a RU  |b Директ-Медиа  |c 20250903 
856 4 |u https://biblioclub.ru/index.php?page=book&id=278240  |a Режим доступа: электронная библиотечная система «Университетская библиотека ONLINE», требуется авторизация 
856 4 |u https://doi.org/10.23681/278240 
900 |a https://img.biblioclub.ru/sm_cover/88fab6dc1e33f3862d6e7eff37474fba493d5fxck5/cover.jpg